000 01325nam#a22003975a#4500
001 1294
008 100624s2010####ag#a###g######001#0bspa#d
245 1 0 _aGrandes Biografías de los 200 Años :
_bMariano Moreno /
_cedición literaria a cargo de José Alemán ; editado por Ricardo Kirschbaum ; dirigido por Ernestina Herrera de Noble.
250 _a1ª ed.
260 _aBuenos Aires :
_bArte Gráfico Editorial Argentino,
_c2010.
300 _a64 p. :
_bil. col. ;
_c28 cm.
490 0 _aBicentenario ;
_vno. 2
500 _aIncluye un DVD interactivo.
020 _a9789870708384
100 1 _aAlemán, José,
_eeditor.
_4edt
700 1 _aKirschbaum, Ricardo,
_eeditor.
_4edt
700 1 _aHerrera de Noble, Ernestina,
_edirector.
_4drt
080 _a929(82)
084 _aG79
653 _aBiografías argentinas
653 _aMoreno, Mariano
653 _aInvasiones Inglesas
653 _aRevolución de Mayo
653 _aContrarrevolución
653 _aGazeta de Buenos Aires
653 _aBiblioteca Pública de Buenos Aires
653 _aFusilamiento de Liniers
653 _aMercantilismo
653 _aJunta de Chuquisaca
653 _aRevolución de 1811
653 _aSociedad Patriótica
040 _aAR-ClEAG
_cAR-ClEAG
005 20241107184704.0
003 AR-ClEAG
942 _cBK
999 _c1294
_d1294
980 _62
_aEvangelina Gallicchio
_82
_gEvangelina Gallicchio